Culture Générale - Série 1737 - Statistiques

Statistiques générales
  • Ce quiz a été pris 141 fois
  • Le résultat moyen est 6 sur 10
Statistiques - réponses
Question Réponse % Correct
Quel parc d'attractions se trouve près de Poitiers ? Futuroscope
93%
Quelle épice coûteuse extrait-on des fleurs de crocus ? safran
86%
Quelle équipe a marqué le plus haut score de la Coupe du monde de rugby jamais atteint en 2010 ? (145-17) Nouvelle-Zélande
75%
Quel sommet Christine Janin a-t-elle été la première Française à atteindre, en 1990 ? Everest
69%
Quelle corne bruyante utilisaient les supporters de la Coupe du monde de football 2010 en Afrique du Sud ? vuvuzela
68%
Quelle navigatrice française était surnommée la petite fiancée de l'Atlantique ? Florence Arthaud
66%
Quel joueur français de football né en 1983 a joué pour le Galatasaray, l'Olympique de Marseille et le Bayern Munich ? Franck Ribéry
60%
Quel était le métier de John Stith Pemberton, inventeur du Coca-Cola ? pharmacien
58%
De quel pays le "kimchi" est-il une spécialité culinaire ? Corée
33%
Selon la classification de l'école de ski français, quel est le niveau le plus élevé ? chamois
29%
Aucun quiz correspondant
Distribution des résultats
% des personnes avec chaque résultat
Percentile par nombre de réponses
Votre historique - résultats
Vous n’avez pas pris ce quiz